00626nam a2200169 i 450000100060000000300090000600500170001500700030003200800410003510000280007624500960010426000580020030000290025885200310028799900170031895201210033587528ES-MaACL20230906175704.0t|041222s1958 sp ||||1| fre d1 aKucera, Enrique.96894514aUne principauté au coeur des Pyrenées b: les Vallées d'Andorra /cpar Henric Kucera. aBarcelona : bEnrique Kucera, c[1958] (fS.A.D.A.G.) a63 p. : bil. ; c14 cm. aES-MaACLjD-8374 bR.42384 c87528d87528 00104070aATENEOMbATENEOMcSVId2008-01-17eSCl0oD-8374p901091444r2023-02-23 00:00:00w2023-02-23yMONOGRAFIA